| 000 | 01455nam0a2200385 4500 | ||
|---|---|---|---|
| 001 | RU\NLR\bibl\392470 | ||
| 005 | 20250622161048.0 | ||
| 010 |
_a5-93855-030-0 _91000 |
||
| 021 |
_aRU _b2003-10641 _9488 |
||
| 035 | _a(NLR Aleph) 000386751 | ||
| 090 |
_a490028 _c490028 |
||
| 100 | _a20030414d2002 |||y0rusy50 ca | ||
| 101 | 1 |
_arus _ceng |
|
| 102 | _aRU | ||
| 105 | _aa ||||||||| | ||
| 200 | 1 |
_aДэйв Лэндри о торговле на колебаниях _fДэвид Лэндри _g[Пер. с англ. Шматов А.] |
|
| 210 |
_aМ. _cАналитика _d2002 |
||
| 215 |
_aXII,228 с. _cил. _d30 |
||
| 225 | 1 | _aБиблиотека Atroon Distribution Company Inc. | |
| 300 | _aЗагл. и авт. ориг.: Dave Landry on swing trading/David Landry | ||
| 454 | 0 |
_12001#$aDave Landry on swing trading$fDavid Landry _tDave Landry on swing trading |
|
| 606 | 0 |
_aЦенные бумаги _xРынки _91495627 _3RU\NLR\auth\66646078 |
|
| 606 | 0 |
_aРынки финансовые _92085236 _3RU\NLR\auth\661261350 |
|
| 610 | 0 | _aБиржевая торговля - Математические методы | |
| 675 |
_a339.13.01 _v3 _zrus |
||
| 686 |
_a71 _2rugasnti |
||
| 686 |
_a65.42 _2rubbk |
||
| 686 | _aУ26(0)229.5 | ||
| 700 | 1 |
_aЛэндри _bД. _gДэвид _4070 |
|
| 801 | 0 |
_aRU _bRKP _c20030414 _gPSBO |
|
| 801 | 1 |
_aRU _bRKP _c20030414 |
|
| 801 | 2 |
_aRU _bNLR _c20030621 _grcr |
|
| 942 | _cBOOK | ||
| 980 | _aNB | ||